World polymer banknotes
| Main Author: | |
|---|---|
| Other Authors: | , |
| Format: | Book |
| Published: |
Selangor :
Eureka Metro Sdn.Bhd. ,
2005
|
| Subjects: |
MARC
| LEADER | 00000cam a2200000 7i4500 | ||
|---|---|---|---|
| 001 | 0000018651 | ||
| 005 | 20080609.0 | ||
| 008 | 080609 | ||
| 020 | |a 18233910 | ||
| 090 | 0 | 0 | |a 332.42 |b EU |
| 100 | 0 | |a Eu, Peter | |
| 245 | 1 | 0 | |a World polymer banknotes |c Peter Eu, Ben Chiew, Julian Chee |
| 260 | |a Selangor : |b Eureka Metro Sdn.Bhd. , |c 2005 | ||
| 650 | 0 | |a Bank notes |z Malaysia | |
| 650 | 0 | |a Banks and banking |z Malaysia | |
| 700 | 1 | |a Chee, Julian | |
| 700 | 1 | |a Chiew, Ben | |
| 999 | |a 0001012118 |b Book |c Adult Collection |e Perbadanan Perpustakaan Awam Johor | ||